00538nam a2200157Ia 4500008004100000082001000041100006100051245003300112260002800145365000600173630003300179730003300212942000900245999001900254952010700273100415s9999 xx 000 0 und d b10776 aNational Geographycial And Solar Ierrestrian Data Centre aNational Geographic Vol. 122 aWASHINGTONc1962bN.G.S b0 aNational Geographic Vol. 122 aNational Geographic Vol. 122 cBOOK c593702d593699 00104070aBNHSbBNHSd1985-01-01g0.00l0o 10776pBNHS-10776r2010-04-15 00:00:00w2010-04-15yBOOK